000 00538nam a22001695i 4500
001 168734
003 ES-MaACL
005 20230906213855.0
008 080528s1882 xxu |||| | eng d
080 _a75.021.322(064.3)
080 _a75.035(064.3)
245 0 0 _aSupplementary catalogue of water color paintings
_b: Schenck Art Gallery, 37 Nassau street, saturday, nov. 25, 1882.
260 _a[S.l. :
_bs.n.,
_c1882]
300 _a12 p. ;
_c21 cm.
650 1 4 _aAcuarela-
_yS.XIX-
_vExposiciones.
_9137817
852 1 _aBA
_jT-894-F-10
999 _c168734
_d168734